Stati per numero di morti - Statistics

Statistiche generali
  • Questo quiz è stato fatto 26 volte
  • Il punteggio medio è 13 su 15
Statistiche sulle risposte
Numero di morti Continente Nazione % Corretto
2 458 539 Asia / Europa Russia
100%
3 280 682 America del Nord Stati Uniti
100%
1 784 239 America del Sud Brasile
96%
10 617 58 Asia Cina
96%
1 574 533 Asia Giappone
96%
13 299 618 Asia India
96%
1 191 718 America del Nord Messico
96%
1 660 400 Asia Pakistan
91%
2 792 704 Africa Nigeria
87%
962 479 Asia Bangladesh
83%
2 755 190 Asia Indonesia
83%
1 039 440 Europa Germania
78%
930 839 Africa Repubblica Democratica del Congo
78%
815 212 Africa Etiopia
74%
832 888 Asia Filippine
70%
Nessun quiz corrispondente trovato
Distribuzione punteggi
Percentuale di utenti per punteggio
Percentile per numero di risposta
I tuoi punteggi nel tempo
Non hai fatto questo quiz